LEADER 02055nam 2200505I 450 001 9910702436803321 005 20150120091925.0 035 $a(CKB)5470000002427802 035 $a(OCoLC)900465166 035 $a(EXLCZ)995470000002427802 100 $a20150120j201307 ua 0 101 0 $aeng 135 $aurmn||||||||| 181 $ctxt$2rdacontent 182 $cc$2rdamedia 183 $acr$2rdacarrier 200 10$aImprovements in high speed, high resolution dynamic digital image correlation for experimental evaluation of composite drive system components /$fLee W. Kohlman [and three others] 210 1$aCleveland, Ohio :$cNational Aeronautics and Space Administration, Glenn Research Center,$dJuly 2013. 215 $a1 online resource (6 pages) $ccolor illustrations 225 1 $aNASA-TM ;$v2013-216537 300 $aTitle from title screen (viewed Jan. 20, 2015). 300 $a"July 2013." 300 $a"Prepared for the 69th Annual Forum and Technology Display (AHS Forum 69) sponsored by the American Helicopter Society, Phoenix, Arizona, May 21-23, 2013." 320 $aIncludes bibliographical references (page 6). 606 $aHigh speed photography$2nasat 606 $aHigh speed cameras$2nasat 606 $aImage correlators$2nasat 606 $aLight emitting diodes$2nasat 606 $aHigh speed imaging$2nasat 606 $aDigital image correlation$2nasat 615 7$aHigh speed photography. 615 7$aHigh speed cameras. 615 7$aImage correlators. 615 7$aLight emitting diodes. 615 7$aHigh speed imaging. 615 7$aDigital image correlation. 700 $aKohlman$b Lee W.$01395182 712 02$aNASA Glenn Research Center, 712 02$aFundamental Aeronautics Program (U.S.), 801 0$bGPO 801 1$bGPO 906 $aBOOK 912 $a9910702436803321 996 $aImprovements in high speed, high resolution dynamic digital image correlation for experimental evaluation of composite drive system components$93473455 997 $aUNINA LEADER 02680nam 2200493 450 001 9910796437003321 005 20200520144314.0 010 $a2-86819-406-0 035 $a(CKB)3820000000020189 035 $a(EBL)4504298 035 $a(MiAaPQ)EBC4504298 035 $a(Au-PeEL)EBL4504298 035 $a(CaPaEBR)ebr11203000 035 $a(OCoLC)947222744 035 $a(PPN)203381890 035 $a(EXLCZ)993820000000020189 100 $a20160514h20162016 uy 0 101 0 $afre 135 $aur|n|---||||| 181 $2rdacontent 182 $2rdamedia 183 $2rdacarrier 200 10$aFaites votre serre facile et productive /$fpar Christophe Geoffrion 210 1$aBats, [France] :$cE?ditions d'Utovie,$d2016. 210 4$dİ2016 215 $a1 online resource (49 p.) 225 0 $aL'essentiel : l'encyclope?die d'Utovie ;$v86 300 $aDescription based upon print version of record. 311 $a2-86819-186-X 327 $aCouverture; Page de titre; I. Avant propos; 1. Serre et socie?te?; 2. Pourquoi construire et utiliser une serre; 3. Pourquoi re?aliser ce livre ?; II. Pourquoi malgre? leur inte?re?t si peu de serres sont utilise?es ?; 1. Facteurs de manque d'inte?re?t pour l'achat ou la construction; 2. Facteurs de de?couragement et d'abandon des personnes exploitant une serre; 3. Avantages et inconve?nients d'une serre par rapport a? un jardin; III. Comprendre les diffe?rents parame?tres fonctionnels d'une serre; 1. Qu'est-ce qu'une serre ? 327 $a2. Parame?tres particuliers d'une serre et ses conse?quences sur le microclimat de celle-ci3. Influence de la taille d'une serre sur son fonctionnement; 4. Influence de la forme d'une serre sur son fonctionnement; 5. Comment pallier les de?fauts des serres d'amateurs ?; IV. Concevoir et construire sa serre; A. Concevoir sa serre; B. Construire une serre; C. Conception et construction d'une serre e?conomique et auto-re?gulatrice; V. Utiliser sa serre; 1. Les outils et savoirs faire du serriste amateur; 2. Les proble?mes; 3. Organisation des travaux dans une serre 327 $a4. Les plantes cultive?es des serres d'amateursVI. Acheter sa serre; Conclusion; Notes personnelles; Chez le me?me e?diteur en nume?rique; Copyright 410 0$aL'essentiel : l'encyclope?die d'Utovie 606 $aGreenhouse gardening 615 0$aGreenhouse gardening. 676 $a635.9823 700 $aGeoffrion$b Christophe$01555953 801 0$bMiAaPQ 801 1$bMiAaPQ 801 2$bMiAaPQ 906 $aBOOK 912 $a9910796437003321 996 $aFaites votre serre facile et productive$93818305 997 $aUNINA